Berkshire Train Stations - Statistics

General Stats
  • This quiz has been taken 96 times
    75 since last reset
  • The average score is 22 of 37
Answer Stats
Main Operator Station % Correct
Great Western Railway Reading
98%
Elizabeth Line Slough
93%
Elizabeth Line Maidenhead
89%
South Western Railway Bracknell
88%
South Western Railway Wokingham
84%
Great Western Railway Newbury
82%
Great Western Railway Reading West
82%
South Western Railway Ascot
79%
South Western Railway Winnersh
77%
Elizabeth Line Twyford
75%
Great Western Railway Hungerford
68%
South Western Railway Winnersh Triangle
68%
Great Western Railway Pangbourne
64%
South Western Railway Earley
63%
Great Western Railway Tilehurst
63%
Great Western Railway Thatcham
61%
South Western Railway Windsor & Eton Riverside
59%
Elizabeth Line Burnham
55%
Great Western Railway Windsor & Eton Central
55%
Great Western Railway Sandhurst
54%
Great Western Railway Cookham
52%
Great Western Railway Mortimer
52%
Elizabeth Line Langley
50%
Great Western Railway Newbury Racecourse
50%
South Western Railway Sunningdale
50%
Great Western Railway Reading Green Park
48%
Great Western Railway Theale
48%
Great Western Railway Crowthorne
46%
Great Western Railway Furze Platt
46%
South Western Railway Martins Heron
46%
Great Western Railway Aldermaston
41%
Great Western Railway Wargrave
41%
South Western Railway Sunnymeads
39%
South Western Railway Datchet
38%
Great Western Railway Midgham
38%
Great Western Railway Kintbury
36%
South Western Railway Wraysbury
36%
No matching quizzes found
Score Distribution
Percent of People with Each Score
Percentile by Number Answered
Your Score History
You have not taken this quiz since the last reset